| 000 | 01297nmm a2200337 a 4500 | ||
|---|---|---|---|
| 001 | ocm0001917369 | ||
| 003 | TR-IsHL | ||
| 005 | 20201028174828.0 | ||
| 008 | 180928s2016 tu tur | ||
| 007 | cr cn | ||
| 020 | _a9786059831710 | ||
| 035 |
_a1917369 _b(N$T) |
||
| 050 | 0 | 4 |
_aHF5549.5.C35 _bI573 2016 |
| 090 | 0 | 4 |
_aHF5549.5.C35 _bI573 2016 |
| 245 | 1 | 0 |
_aİnsan kaynakları yönetimi ve kariyer uygulamaları _h[electronic resource] / _ceditörler, M. Şerif Şimşek, Adnan Çelik, Ayten Akatay ; Yazarlar, Prof. Dr. M. Şerif Şimşek, Prof. Dr. Adnan Çelik, Prof. Dr. Tahir Akgemici ...[ve diğerleri] |
| 250 | _aDeğiştirilmiş ve genişletilmiş 3. baskı. | ||
| 260 |
_aKonya : _bEğitim Yayınevi, _c2016 |
||
| 300 | _a392 p. | ||
| 500 | _aIncludes bibliographical references and index | ||
| 650 | 4 | _aİşletme ve Yönetim | |
| 650 | 4 | _aBusiness Management | |
| 650 | 0 | _aPersonnel management. | |
| 650 | 0 | _aPersonel yönetimi. | |
| 650 | 0 | _aCareer planning | |
| 650 | 0 | _aKariyer planlama | |
| 650 | 7 |
_aBUSINESS & ECONOMICS / Careers / General _2bisacsh |
|
| 700 | 1 | _aŞimşek, M. Şerif | |
| 700 | 1 | _aÇelik, Adnan | |
| 700 | 1 | _aAkatay, Ayten | |
| 856 | 4 | 0 | _uhttp://search.ebscohost.com/login.aspx?direct=true&scope=site&db=e011xww&AN=1917369 |
| 999 |
_c18360 _d18360 |
||